K miestnym poplatkom
Otázky a odpovede k vyrubeniu miestnych poplatkov.
Guardado en:
| Formato: | Capítulo de libro |
|---|---|
| Lenguaje: | eslovaco |
| Materias: | |
| Etiquetas: |
Sin Etiquetas, Sea el primero en etiquetar este registro!
|
MARC
| LEADER | 00000naa a2200000 4500 | ||
|---|---|---|---|
| 001 | r046586 | ||
| 005 | 20230927070556.3 | ||
| 041 | 0 | |a slo | |
| 044 | |a SK | ||
| 245 | 1 | 0 | |a K miestnym poplatkom |
| 520 | |a Otázky a odpovede k vyrubeniu miestnych poplatkov. | ||
| 610 | 2 | 0 | |a dane z príjmov |
| 610 | 2 | 0 | |a poplatky |
| 610 | 2 | 0 | |a reklama |
| 610 | 2 | 0 | |a ubytovanie |
| 610 | 2 | 0 | |a rekreácia |